Connections: find sets of four (vol. 6) - Statistics

General Stats
  • This quiz has been taken 26 times
  • The average score is 27 of 45
Answer Stats
Question Tile Select % Correct
Pick the four items which go together. Unicorn No
95%
Pick the four items which go together. Barbecue No
91%
Pick the four items which go together. Bicycle Yes
86%
Pick the four items which go together. Broom No
86%
Pick the four items which go together. Football No
86%
Pick the four items which go together. Consequence No
82%
Pick the four items which go together. Skateboard Yes
82%
Pick the four items which go together. Weak No
82%
Pick the four items which go together. Evansville No
77%
Pick the four items which go together. Aneurysm No
73%
Pick the four items which go together. Bus No
73%
Pick the four items which go together. Dive No
73%
Pick the four items which go together. Brush Yes
68%
Pick the four items which go together. Buzz No
68%
Pick the four items which go together. Cap Yes
68%
Pick the four items which go together. Paste Yes
68%
Pick the four items which go together. Breeze Yes
64%
Pick the four items which go together. Dan Yes
64%
Pick the four items which go together. Kick No
64%
Pick the four items which go together. Left No
64%
Pick the four items which go together. Stupor No
64%
Pick the four items which go together. Bullet No
59%
Pick the four items which go together. Gary Yes
59%
Pick the four items which go together. Gauntlet No
59%
Pick the four items which go together. Mallard No
59%
Pick the four items which go together. Mark Yes
59%
Pick the four items which go together. Stain No
59%
Pick the four items which go together. Dress Yes
55%
Pick the four items which go together. Gale Yes
55%
Pick the four items which go together. Glider Yes
55%
Pick the four items which go together. Mistral Yes
50%
Pick the four items which go together. Boot Yes
45%
Pick the four items which go together. Foehn Yes
45%
Pick the four items which go together. Helicopter No
45%
Pick the four items which go together. Scrap No
45%
Pick the four items which go together. Skirt Yes
45%
Pick the four items which go together. Ache Yes
41%
Pick the four items which go together. Aftershock No
41%
Pick the four items which go together. Sledge Yes
41%
Pick the four items which go together. Stan Yes
41%
Pick the four items which go together. Van No
41%
Pick the four items which go together. Cut No
23%
Pick the four items which go together. Less Yes
23%
Pick the four items which go together. Raincoat No
23%
Pick the four items which go together. Bobby No
18%
No matching quizzes found
Score Distribution
Percent of People with Each Score
Percentile by Number Answered
Your Score History
You have not taken this quiz